Vista normal
Vista MARC
Entrada Personal Name
Número de registros utilizados en: 1
001 - CONTROL NUMBER
- control field: 37964
003 - CONTROL NUMBER IDENTIFIER
- control field: OSt
005 - DATE AND TIME OF LATEST TRANSACTION
- control field: 20210527121426.0
008 - FIXED-LENGTH DATA ELEMENTS
- fixed length control field: 210527|| aca||aabn | a|a d
040 ## - CATALOGING SOURCE
- Original cataloging agency: OSt
- Transcribing agency: OSt
100 ## - HEADING--PERSONAL NAME
- Personal name: Bernal, Jorge Arturo
670 ## - SOURCE DATA FOUND
- Source citation: Work cat.: (OSt)11759: Sarmiento Palacio, Eduardo, autor 945, Productividad, equidad y ciudadanía /, 1997.